مكتبة جامعة عجلون الوطنية

فهرس بحث المكتبة

Normal view MARC view
  • ادارة اعمال-فلسفة

Entry Topical Term

Number of records used in: 1

001 - CONTROL NUMBER

  • control field: 27728

003 - CONTROL NUMBER IDENTIFIER

  • control field: JO-AjAnu

005 - DATE AND TIME OF LATEST TRANSACTION

  • control field: 20230606074715.0

008 - FIXED-LENGTH DATA ELEMENTS

  • fixed length control field: 230606|| aca||aabn | a|a d

040 ## - CATALOGING SOURCE

  • Original cataloging agency: JO-AjAnu
  • Transcribing agency: JO-AjAnu

150 ## - HEADING--TOPICAL TERM

  • Topical term or geographic name entry element: ادارة اعمال-فلسفة

670 ## - SOURCE DATA FOUND

  • Source citation: Work cat.: (JO-AjAnu)14238: دركر،بيتر ف؛ترجمة ابراهيم بن علي الملحم؛راجع الترجمة مساعد بن عبدالله الفريان, author 27727, تحديات الادارة في القرن الواحد والعشرين=Management Challenges for the 21st Century